Giáo triÌ€nh thưÌ£c vâÌ£t hoÌ£c ĐaÌ£i cương vêÌ€ giải phẫu, hiÌ€nh thái vaÌ€ phân loaÌ£i hoÌ£c thưÌ£c vâÌ£t

TriÌ€nh baÌ€y những kiến thức đaÌ£i cương vêÌ€ giải phẫu, hiÌ€nh thái vaÌ€ phân loaÌ£i hoÌ£c thưÌ£c vâÌ£t. ĐươÌ£c chia laÌ€m 4 phâÌ€n: Tế baÌ€o thưÌ£c vâÌ£t; SưÌ£ đa daÌ£ng của thưÌ£c vâÌ£t; SưÌ£ phát triển vaÌ€ cấu taÌ£o...

Descrición completa

Gardado en:
Detalles Bibliográficos
Autor Principal: Nguyễn, Bá
Formato: Libro
Idioma:Undetermined
Publicado: H. Giáo dục 2009
Những chủ đề:
Acceso en liña:http://lrc.tdmu.edu.vn/opac/search/detail.asp?aID=2&ID=7571
Các nhãn: Engadir etiqueta
Sen Etiquetas, Sexa o primeiro en etiquetar este rexistro!
Thư viện lưu trữ: Trung tâm Học liệu Trường Đại học Thủ Dầu Một
LEADER 01440nam a2200217Ia 4500
001 TDMU_7571
008 210410s9999 xx 000 0 und d
082 |a 580 
090 |b NG528 
100 |a Nguyễn, Bá 
245 0 |a Giáo triÌ€nh thưÌ£c vâÌ£t hoÌ£c 
245 0 |b ĐaÌ£i cương vêÌ€ giải phẫu, hiÌ€nh thái vaÌ€ phân loaÌ£i hoÌ£c thưÌ£c vâÌ£t 
245 0 |c GS. TS. Nguyễn Bá 
260 |a H. 
260 |b Giáo duÌ£c 
260 |c 2009 
300 |a 279tr. 
520 |a TriÌ€nh baÌ€y những kiến thức đaÌ£i cương vêÌ€ giải phẫu, hiÌ€nh thái vaÌ€ phân loaÌ£i hoÌ£c thưÌ£c vâÌ£t. ĐươÌ£c chia laÌ€m 4 phâÌ€n: Tế baÌ€o thưÌ£c vâÌ£t; SưÌ£ đa daÌ£ng của thưÌ£c vâÌ£t; SưÌ£ phát triển vaÌ€ cấu taÌ£o của thưÌ£c vâÌ£t haÌ£t kín; ThưÌ£c vâÌ£t vaÌ€ môi trươÌ€ng. 
650 |a ThưÌ£c vâÌ£t hoÌ£c   |v Giáo triÌ€nh; ThưÌ£c vâÌ£t hoÌ£c; ThưÌ£c vâÌ£t; Tế baÌ€o thưÌ£c vâÌ£t; Môi trươÌ€ng 
856 |u http://lrc.tdmu.edu.vn/opac/search/detail.asp?aID=2&ID=7571 
980 |a Trung tâm Học liệu Trường Đại học Thủ Dầu Một